[Event "12. Open de la Constitución"]
[Site "S. Sebastian de los Reyes ESP"]
[Date "2010.12.02"]
[Round "3.18"]
[White "Orellana Illescas, Julio"]
[Black "Anton Quevedo, Andrea"]
[Result "1-0"]
[WhiteElo "1787"]
[BlackElo "1406"]
[PlyCount "53"]
[EventDate "2010.11.30"]
[EventType "swiss"]
[EventRounds "9"]
[EventCountry "ESP"]
[Source "lmi"]
[SourceDate "2010.11.30"]

1. d4 d5 2. c4 dxc4 3. Nc3 Nf6 4. e4 Nc6 5. e5 Nd5 6. Bxc4 e6 7. a3 a5 8. Nge2
Bd7 9. Rb1 Be7 10. O-O O-O 11. Nxd5 exd5 12. Bd3 f6 13. e6 Bxe6 14. Nf4 Qd6 15.
Nxe6 Qxe6 16. Re1 Qf7 17. Bf5 Bd6 18. Be6 Qxe6 19. Rxe6 Rfe8 20. Rxe8+ Rxe8 21.
Be3 b5 22. Qh5 Rf8 23. Qxd5+ Kh8 24. Qxc6 b4 25. axb4 axb4 26. Ra1 h6 27. Ra8
1-0

[Event "12. Open de la Constitución"]
[Site "S. Sebastian de los Reyes ESP"]
[Date "2010.12.02"]
[Round "3.20"]
[White "Infante Martin, Alonso"]
[Black "Ureña Castellanos, Antonio"]
[Result "0-1"]
[WhiteElo "1524"]
[BlackElo "1614"]
[PlyCount "96"]
[EventDate "2010.11.30"]
[EventType "swiss"]
[EventRounds "9"]
[EventCountry "ESP"]
[Source "lmi"]
[SourceDate "2010.11.30"]

1. d4 e6 2. c4 Nf6 3. Nc3 c6 4. Bg5 Be7 5. Qc2 O-O 6. Nf3 h6 7. Bh4 d5 8. e3
Nbd7 9. Bd3 a6 10. O-O Rb8 11. cxd5 cxd5 12. Rab1 Kh8 13. a3 b5 14. b4 Nb6 15.
Ne5 Bb7 16. f3 Nc4 17. Nxc4 bxc4 18. Be2 Bd6 19. Na4 Be7 20. Nc5 Bc8 21. Rb2
Nh7 22. Bxe7 Qxe7 23. Rfb1 e5 24. Na4 exd4 25. exd4 Qe3+ 26. Kf1 Qxd4 27. Rd1
Qe5 28. Kg1 Bf5 29. Qd2 Nf6 30. Qd4 Qe7 31. Nc3 Rfd8 32. Rbd2 Be6 33. Qe3 Qf8
34. Rd4 Re8 35. g4 Bxg4 36. Qf2 Be6 37. Qg3 a5 38. Na2 Bd7 39. Rb1 Rxe2 40. Nc3
Re3 41. Rc1 axb4 42. axb4 Rxb4 43. Qf2 Re5 44. f4 Rh5 45. Ne2 Rb2 46. h4 Bg4
47. Re1 Ne4 48. Qh2 Qc5 0-1

[Event "12. Open de la Constitución"]
[Site "S. Sebastian de los Reyes ESP"]
[Date "2010.12.02"]
[Round "3.23"]
[White "Balsinde Montemayor, Pablo"]
[Black "Muñoz Blazquez, Jose"]
[Result "1-0"]
[WhiteElo "1809"]
[BlackElo "1449"]
[PlyCount "67"]
[EventDate "2010.11.30"]
[EventType "swiss"]
[EventRounds "9"]
[EventCountry "ESP"]
[Source "lmi"]
[SourceDate "2010.11.30"]

1. d4 Nf6 2. Nf3 e6 3. Bg5 d5 4. Nbd2 Be7 5. e3 O-O 6. Bd3 c5 7. c3 Nc6 8. O-O
a6 9. Ne5 h6 10. Bh4 Re8 11. f4 cxd4 12. exd4 Bd7 13. Bxf6 Bxf6 14. Qh5 Qe7 15.
Rf3 Nxe5 16. dxe5 g6 17. Qxh6 Bg7 18. Qh3 Bc6 19. Rg3 Qf8 20. Nf3 Re7 21. Ng5
Bh6 22. Qh4 Be8 23. Rh3 Qg7 24. Qxh6 Rc7 25. Qxg7+ Kxg7 26. Rh7+ Kf8 27. Bxg6
Ke7 28. Nxf7 Kf8 29. Ng5 Rac8 30. Rxc7 Rxc7 31. Nxe6+ Ke7 32. Nxc7 Bxg6 33.
Nxd5+ Kd8 34. e6 1-0

[Event "12. Open de la Constitución"]
[Site "S. Sebastian de los Reyes ESP"]
[Date "2010.12.02"]
[Round "3.25"]
[White "Ojosnegros Martin, Angel"]
[Black "Martin Rodriguez, Jose L"]
[Result "1-0"]
[WhiteElo "1376"]
[BlackElo "1502"]
[PlyCount "99"]
[EventDate "2010.11.30"]
[EventType "swiss"]
[EventRounds "9"]
[EventCountry "ESP"]
[Source "lmi"]
[SourceDate "2010.11.30"]

1. c4 e5 2. Nc3 Nf6 3. g3 Bb4 4. Bg2 c6 5. Nf3 d6 6. O-O Bg4 7. Qb3 Qb6 8. d3
Bxc3 9. Qxc3 O-O 10. e4 Nbd7 11. b3 Qd8 12. Be3 Re8 13. a4 c5 14. a5 a6 15.
Rfb1 Qc7 16. Nd2 Nf8 17. b4 Ne6 18. bxc5 dxc5 19. Qb2 Rab8 20. Qb6 Qxb6 21.
Rxb6 Nd4 22. Bxd4 cxd4 23. Bf3 h5 24. Bxg4 hxg4 25. Kg2 Nd7 26. Rb3 Nc5 27.
Rba3 g6 28. Rd1 f5 29. Re1 Kg7 30. f3 gxf3+ 31. Kxf3 Rf8 32. Kg2 f4 33. Nf3
Rbe8 34. Rb1 fxg3 35. hxg3 Rh8 36. Rb6 Re6 37. Rxe6 Nxe6 38. Nxe5 Rh5 39. Nf3
Kf6 40. g4 Rh7 41. Rb3 g5 42. Rb6 Rg7 43. Nxd4 Re7 44. Rxe6+ Rxe6 45. Nxe6 Kxe6
46. d4 Kd6 47. Kf2 b5 48. cxb5 axb5 49. Ke3 Kc6 50. e5 1-0

[Event "12. Open de la Constitución"]
[Site "S. Sebastian de los Reyes ESP"]
[Date "2010.12.03"]
[Round "4.2"]
[White "Longa Yauca, Javier"]
[Black "Semprun Martinez, Fernando"]
[Result "1/2-1/2"]
[WhiteElo "2345"]
[BlackElo "2216"]
[PlyCount "88"]
[EventDate "2010.11.30"]
[EventType "swiss"]
[EventRounds "9"]
[EventCountry "ESP"]
[Source "lmi"]
[SourceDate "2010.11.30"]

1. d4 Nf6 2. c4 g6 3. Nc3 d5 4. cxd5 Nxd5 5. e4 Nxc3 6. bxc3 Bg7 7. Ba3 Nd7 8.
Bc4 c5 9. Qb3 O-O 10. Rd1 cxd4 11. cxd4 Nb6 12. Ne2 Nxc4 13. Qxc4 b6 14. O-O a5
15. Rfe1 Ba6 16. Qb3 b5 17. Bc5 Qd7 18. Nf4 Bb7 19. e5 Qg4 20. Qg3 Qxg3 21.
hxg3 Rfe8 22. d5 g5 23. Nh5 Rad8 24. d6 exd6 25. Bxd6 h6 26. f4 Bc8 27. Rd4 Be6
28. a3 Rc8 29. Rb1 Bc4 30. Kf2 a4 31. Rb2 Bb3 32. Rb4 Bc4 33. Rxb5 Bxb5 34.
Rxb5 Rc3 35. Rb7 Rb3 36. Rc7 g4 37. Rc4 Rb2+ 38. Ke3 f6 39. Rc7 Bh8 40. f5 Rb6
41. Bc5 Rxe5+ 42. Kf4 Rb5 43. Rc8+ Kh7 44. Rc7+ Kg8 1/2-1/2

[Event "12. Open de la Constitución"]
[Site "S. Sebastian de los Reyes ESP"]
[Date "2010.12.03"]
[Round "4.3"]
[White "Ortega Ruiz, Jose Miguel"]
[Black "Aziz Ortego, Omar Luis"]
[Result "1/2-1/2"]
[WhiteElo "2260"]
[BlackElo "2056"]
[PlyCount "148"]
[EventDate "2010.11.30"]
[EventType "swiss"]
[EventRounds "9"]
[EventCountry "ESP"]
[Source "lmi"]
[SourceDate "2010.11.30"]

1. d4 e6 2. c4 Nf6 3. Nc3 b6 4. e4 Bb7 5. d5 Bb4 6. Bd3 exd5 7. cxd5 O-O 8.
Nge2 c6 9. dxc6 dxc6 10. O-O Nbd7 11. Bf4 Nc5 12. Bc2 Ne6 13. Be5 Qe7 14. a3
Rfd8 15. Qc1 Bc5 16. Bg3 b5 17. e5 Nh5 18. Ne4 Nd4 19. Re1 Nxe2+ 20. Rxe2 Nxg3
21. Nxg3 g6 22. Kh1 Rd4 23. f4 Rad8 24. Ne4 Bb6 25. Nf6+ Kh8 26. f5 Rh4 27. Qg5
Rh5 28. Qg3 Rh6 29. Qf4 Qf8 30. e6 fxe6 31. fxe6 g5 32. e7 gxf4 33. exf8=Q+
Rxf8 34. Nd7 f3 35. gxf3 c5 36. Be4 Bxe4 37. fxe4 Rd8 38. Nxb6 axb6 39. e5 Re6
40. Rg1 Rd5 41. Rge1 Kg7 42. Kg2 Kf7 43. Kf3 Rg6 44. Re4 Ke6 45. Rh4 h6 46. Rh5
c4 47. Re2 Rd3+ 48. Kf4 Rd4+ 49. Kf3 Rd8 50. Ke3 Rg5 51. Rxh6+ Kxe5 52. Kf3+
Kf5 53. Rxb6 Rd5 54. Rh6 Rd3+ 55. Re3 Rd2 56. h4 Rgg2 57. Rh5+ Kf6 58. Rxb5
Rxb2 59. Rxb2 Rxb2 60. Ke4 Rh2 61. Kd5 Rxh4 62. Kc5 Kf5 63. Kb5 Kf4 64. Rc3 Ke5
65. Kc5 Ke6 66. a4 Kd7 67. a5 Kc7 68. Rg3 Rh5+ 69. Kb4 Kb7 70. Rg7+ Ka6 71.
Rg6+ Ka7 72. Rc6 Rh1 73. Rxc4 Ka6 74. Rc6+ Ka7 1/2-1/2

[Event "12. Open de la Constitución"]
[Site "S. Sebastian de los Reyes ESP"]
[Date "2010.12.03"]
[Round "4.4"]
[White "Esquivias Gomez, Fco. Javier"]
[Black "Anton Veiga, Juan Carlos"]
[Result "1/2-1/2"]
[WhiteElo "2015"]
[BlackElo "2098"]
[PlyCount "38"]
[EventDate "2010.11.30"]
[EventType "swiss"]
[EventRounds "9"]
[EventCountry "ESP"]
[Source "lmi"]
[SourceDate "2010.11.30"]

1. Nf3 Nf6 2. c4 e6 3. g3 b6 4. Bg2 Bb7 5. O-O Be7 6. Nc3 O-O 7. d4 d6 8. Qc2
Nbd7 9. e4 e5 10. dxe5 Nxe5 11. Nxe5 dxe5 12. Rd1 Qc8 13. Nd5 Re8 14. Nxe7+
Rxe7 15. Bg5 Qe6 16. Bxf6 Qxf6 17. Rd3 g6 18. Rad1 Qe6 19. b3 Rae8 1/2-1/2

[Event "12. Open de la Constitución"]
[Site "S. Sebastian de los Reyes ESP"]
[Date "2010.12.03"]
[Round "4.5"]
[White "Garcia Dorado, Alberto"]
[Black "Alvarez Abejon, Amilcar"]
[Result "1/2-1/2"]
[WhiteElo "2009"]
[BlackElo "2091"]
[PlyCount "112"]
[EventDate "2010.11.30"]
[EventType "swiss"]
[EventRounds "9"]
[EventCountry "ESP"]
[Source "lmi"]
[SourceDate "2010.11.30"]

1. d4 Nf6 2. c4 g6 3. Nf3 Bg7 4. g3 O-O 5. Bg2 d5 6. Nbd2 Nc6 7. O-O dxc4 8.
Nxc4 Be6 9. b3 Bd5 10. Bb2 a5 11. Nfe5 Bxg2 12. Kxg2 Nxe5 13. dxe5 Nd7 14. e6
fxe6 15. Bxg7 Kxg7 16. Qc2 c6 17. Rad1 Qc7 18. Qe4 e5 19. f4 b5 20. Rxd7 Qxd7
21. Qxe5+ Kf7 22. Nb6 Qe6 23. Nxa8 Rxa8 24. Qxe6+ Kxe6 25. Rd1 c5 26. e4 c4 27.
bxc4 bxc4 28. Rd4 Rc8 29. Kf2 c3 30. Rd1 Rb8 31. a4 Rb2+ 32. Ke3 Rxh2 33. Rd5
Rg2 34. Rxa5 Rxg3+ 35. Kd4 c2 36. Rc5 Ra3 37. Rc6+ Kf7 38. Rxc2 Rxa4+ 39. Ke5
Ra5+ 40. Kd4 h5 41. Ke3 e5 42. Rc7+ Ke6 43. Rc6+ Kf7 44. Rc7+ Kf6 45. Rc6+ Kg7
46. f5 Ra3+ 47. Kf2 gxf5 48. exf5 Ra4 49. Ke3 Rf4 50. Rg6+ Kf7 51. Rb6 Rxf5 52.
Ke4 Rg5 53. Ra6 h4 54. Rh6 Rg4+ 55. Kxe5 Kg7 56. Kf5 Kxh6 1/2-1/2

[Event "12. Open de la Constitución"]
[Site "S. Sebastian de los Reyes ESP"]
[Date "2010.12.03"]
[Round "4.6"]
[White "Camarero Izquierdo, Juan Carlos"]
[Black "Quevedo Marin, Manuel"]
[Result "1-0"]
[WhiteElo "1876"]
[BlackElo "2183"]
[PlyCount "85"]
[EventDate "2010.11.30"]
[EventType "swiss"]
[EventRounds "9"]
[EventCountry "ESP"]
[Source "lmi"]
[SourceDate "2010.11.30"]

1. e4 e6 2. d4 d5 3. e5 c5 4. c3 Nc6 5. Nf3 Qb6 6. Bd3 Nh6 7. O-O Nf5 8. dxc5
Bxc5 9. b4 Be7 10. b5 Na5 11. Bxf5 exf5 12. a4 Be6 13. Nd4 Nc4 14. f4 Rc8 15.
Kh1 a5 16. Qh5 g6 17. Qh6 Bf8 18. Qh3 Qc7 19. Nd2 Nxd2 20. Bxd2 Qc4 21. Rfc1
Bg7 22. Nf3 O-O 23. Be3 h6 24. Bd4 Ra8 25. Nd2 Qe2 26. Nb3 g5 27. Nc5 Rfb8 28.
fxg5 hxg5 29. Re1 Qb2 30. Rad1 Qa2 31. b6 Qc4 32. Qh5 g4 33. Qg5 Kf8 34. Rf1
Rc8 35. Nxb7 Qxa4 36. Nd6 Rd8 37. Nxf5 Bxf5 38. Qxf5 Qe8 39. e6 Bxd4 40. Rxd4
Rd6 41. b7 Rad8 42. exf7 Qd7 43. Qh7 1-0

[Event "12. Open de la Constitución"]
[Site "S. Sebastian de los Reyes ESP"]
[Date "2010.12.03"]
[Round "4.7"]
[White "Barez Menendez, Hector"]
[Black "Corisco Beltran, Rafael"]
[Result "1-0"]
[WhiteElo "2168"]
[BlackElo "1865"]
[PlyCount "96"]
[EventDate "2010.11.30"]
[EventType "swiss"]
[EventRounds "9"]
[EventCountry "ESP"]
[Source "lmi"]
[SourceDate "2010.11.30"]

1. Nf3 c5 2. c4 g6 3. g3 Bg7 4. Bg2 Nc6 5. O-O e5 6. d3 Nge7 7. Nc3 d6 8. a3 a5
9. Rb1 O-O 10. Ne1 Rb8 11. Nc2 Be6 12. Ne3 f5 13. Ned5 h6 14. Bd2 g5 15. b4
axb4 16. axb4 Nxb4 17. Nxb4 cxb4 18. Rxb4 d5 19. cxd5 Nxd5 20. Nxd5 Bxd5 21.
Bxd5+ Qxd5 22. Qb3 Rfd8 23. Rb1 Qxb3 24. R1xb3 e4 25. Be3 exd3 26. exd3 b5 27.
Rxb5 Rxb5 28. Rxb5 Rxd3 29. Rxf5 Kh7 30. Kg2 Kg6 31. Rb5 Bf6 32. Kf3 Ra3 33.
Rb6 Ra4 34. h3 Ra3 35. Rd6 Ra4 36. Ke2 Ra2+ 37. Kd3 Ra3+ 38. Ke4 Ra4+ 39. Bd4
Rxd4+ 40. Rxd4 Bxd4 41. Kxd4 Kf5 42. Ke3 Ke5 43. f4+ gxf4+ 44. gxf4+ Kf6 45.
Ke4 Ke6 46. f5+ Kd6 47. Kd4 Ke7 48. Ke5 Kf8 1-0

[Event "12. Open de la Constitución"]
[Site "S. Sebastian de los Reyes ESP"]
[Date "2010.12.03"]
[Round "4.8"]
[White "Martin Garcia, Francisco Javier"]
[Black "Cardenas Serrano, Sergio"]
[Result "0-1"]
[WhiteElo "1651"]
[BlackElo "2124"]
[PlyCount "32"]
[EventDate "2010.11.30"]
[EventType "swiss"]
[EventRounds "9"]
[EventCountry "ESP"]
[Source "lmi"]
[SourceDate "2010.11.30"]

1. d4 Nf6 2. Nf3 g6 3. c4 Bg7 4. Nc3 O-O 5. g3 d6 6. Bg2 Nbd7 7. O-O e5 8. e4
Re8 9. Re1 c6 10. h3 Qa5 11. Rb1 exd4 12. Nxd4 Ne5 13. Bf1 Qc5 14. b4 Qxd4 15.
Qb3 Nf3+ 16. Kh1 Qxf2 0-1

[Event "12. Open de la Constitución"]
[Site "S. Sebastian de los Reyes ESP"]
[Date "2010.12.03"]
[Round "4.9"]
[White "Rodrigo Yanguas, Maria"]
[Black "Garcia Martinez, Jorge"]
[Result "1-0"]
[WhiteElo "2070"]
[BlackElo "1752"]
[PlyCount "47"]
[EventDate "2010.11.30"]
[EventType "swiss"]
[EventRounds "9"]
[EventCountry "ESP"]
[Source "lmi"]
[SourceDate "2010.11.30"]

1. e4 d6 2. d4 Nf6 3. Nc3 c6 4. Be2 Qa5 5. Bd2 Qb6 6. Nf3 Bg4 7. e5 Nfd7 8.
exd6 exd6 9. d5 Be7 10. O-O Nf6 11. Nh4 Bd7 12. Re1 cxd5 13. Bf3 Be6 14. Bg5 d4
15. Bxf6 gxf6 16. Nd5 Qd8 17. Nxe7 Qxe7 18. Nf5 Qc7 19. Bxb7 Kd7 20. Bxa8 Bxf5
21. Qxd4 Be6 22. Rad1 Nc6 23. Bxc6+ Qxc6 24. Qxa7+ 1-0

[Event "12. Open de la Constitución"]
[Site "S. Sebastian de los Reyes ESP"]
[Date "2010.12.03"]
[Round "4.11"]
[White "Vidaurre, Luis Alberto"]
[Black "Alvarez Gonzalez, Eduardo"]
[Result "1/2-1/2"]
[WhiteElo "1856"]
[BlackElo "1885"]
[PlyCount "58"]
[EventDate "2010.11.30"]
[EventType "swiss"]
[EventRounds "9"]
[EventCountry "ESP"]
[Source "lmi"]
[SourceDate "2010.11.30"]

1. d4 Nf6 2. c4 e6 3. Nf3 b6 4. e3 Bb7 5. Be2 Bb4+ 6. Nbd2 Ne4 7. a3 Be7 8.
Nxe4 Bxe4 9. Nd2 Bb7 10. Bf3 Qc8 11. b3 d6 12. Bb2 Nd7 13. O-O O-O 14. e4 e5
15. dxe5 Nxe5 16. Be2 Bf6 17. Ra2 Nd7 18. f4 Qe8 19. Qb1 Qe7 20. Re1 Rae8 21.
Bf3 Bxb2 22. Rxb2 Ba8 23. Nf1 f5 24. Rbe2 fxe4 25. Bxe4 Bxe4 26. Rxe4 Qf7 27.
Rxe8 Rxe8 28. Rxe8+ Qxe8 29. Qf5 Qf7 1/2-1/2

[Event "12. Open de la Constitución"]
[Site "S. Sebastian de los Reyes ESP"]
[Date "2010.12.03"]
[Round "4.12"]
[White "Castejon Caballero, Andres"]
[Black "Perez Alvarez, Javier"]
[Result "1-0"]
[WhiteElo "2088"]
[BlackElo "1776"]
[PlyCount "49"]
[EventDate "2010.11.30"]
[EventType "swiss"]
[EventRounds "9"]
[EventCountry "ESP"]
[Source "lmi"]
[SourceDate "2010.11.30"]

1. e4 e6 2. d3 d5 3. Nd2 Nf6 4. Ngf3 Nc6 5. e5 Nd7 6. d4 f6 7. exf6 Nxf6 8. Bb5
Bd7 9. O-O Bd6 10. c4 O-O 11. c5 Bf4 12. g3 Bxd2 13. Bxd2 Qe8 14. Bxc6 Bxc6 15.
Ne5 Bb5 16. Re1 Nd7 17. Nxd7 Bxd7 18. Re5 Rf5 19. Bf4 Rxe5 20. Bxe5 c6 21. Qb3
Bc8 22. a4 a6 23. Qb6 Kf7 24. Ra3 Qd7 25. Rf3+ 1-0

[Event "12. Open de la Constitución"]
[Site "S. Sebastian de los Reyes ESP"]
[Date "2010.12.03"]
[Round "4.13"]
[White "Peñalba Blasco, Alvaro"]
[Black "Castejon Caballero, Natalia"]
[Result "0-1"]
[WhiteElo "1709"]
[BlackElo "2079"]
[PlyCount "60"]
[EventDate "2010.11.30"]
[EventType "swiss"]
[EventRounds "9"]
[EventCountry "ESP"]
[Source "lmi"]
[SourceDate "2010.11.30"]

1. d4 d5 2. c4 c6 3. b3 Nf6 4. Nf3 Bg4 5. Ne5 Bf5 6. Ba3 Bxb1 7. Rxb1 Qa5+ 8.
Qd2 Qxa3 9. cxd5 Qd6 10. dxc6 Nxc6 11. Nxc6 Qxc6 12. Rc1 Qb6 13. e3 e6 14. Rc4
a5 15. Qc2 Bb4+ 16. Kd1 O-O 17. Bd3 Rad8 18. a4 Rfe8 19. f4 g6 20. h3 Nd5 21.
Ke2 Bd6 22. g3 e5 23. fxe5 Bxe5 24. Kf3 Qf6+ 25. Ke2 Bxd4 26. Rf1 Rxe3+ 27. Kd1
Rf3 28. Rxf3 Qxf3+ 29. Kc1 Ne3 30. Qd2 Nxc4 0-1

[Event "12. Open de la Constitución"]
[Site "S. Sebastian de los Reyes ESP"]
[Date "2010.12.03"]
[Round "4.14"]
[White "Ureña Castellanos, Antonio"]
[Black "Muñoz Sanchez, Daniel"]
[Result "1/2-1/2"]
[WhiteElo "1614"]
[BlackElo "1976"]
[PlyCount "106"]
[EventDate "2010.11.30"]
[EventType "swiss"]
[EventRounds "9"]
[EventCountry "ESP"]
[Source "lmi"]
[SourceDate "2010.11.30"]

1. Nf3 Nf6 2. c4 e6 3. d4 Bb4+ 4. Bd2 Qe7 5. e3 b6 6. Nc3 Bb7 7. Be2 O-O 8. O-O
d6 9. a3 Bxc3 10. Bxc3 Ne4 11. Be1 Nd7 12. Rc1 c5 13. b4 Rfd8 14. Qc2 Ng5 15.
Nd2 cxd4 16. exd4 Nf6 17. f3 e5 18. d5 Rdc8 19. Qb1 h6 20. Bh4 Ngh7 21. Bd3 g5
22. Bf2 Nf8 23. Rfe1 b5 24. Ne4 bxc4 25. Nxf6+ Qxf6 26. Bxc4 Ng6 27. Bb3 Nf4
28. Rxc8+ Bxc8 29. b5 g4 30. Re3 gxf3 31. Rxf3 Bg4 32. Re3 Rc8 33. Bd1 Qg5 34.
Rg3 Ne2+ 35. Bxe2 Rc1+ 36. Qxc1 Qxc1+ 37. Bf1 h5 38. h3 Kf8 39. hxg4 hxg4 40.
Bxa7 f5 41. Be3 Qc8 42. Bf2 f4 43. Rb3 g3 44. Ba7 Qb7 45. b6 e4 46. Rc3 Qxd5
47. Rc8+ Kg7 48. Rc7+ Kg6 49. b7 Qh5 50. Bc4 Qd1+ 51. Bf1 Qh5 52. Bb5 Qd1+ 53.
Bf1 Qh5 1/2-1/2

[Event "12. Open de la Constitución"]
[Site "S. Sebastian de los Reyes ESP"]
[Date "2010.12.03"]
[Round "4.15"]
[White "Alonso Garuti, Luis E"]
[Black "Navarro Rodriguez, Jesus"]
[Result "1-0"]
[WhiteElo "1936"]
[BlackElo "1735"]
[PlyCount "51"]
[EventDate "2010.11.30"]
[EventType "swiss"]
[EventRounds "9"]
[EventCountry "ESP"]
[Source "lmi"]
[SourceDate "2010.11.30"]

1. e4 c5 2. Nf3 Nc6 3. d4 cxd4 4. Nxd4 d6 5. Nc3 Nf6 6. Be3 a6 7. Be2 e5 8. Nb3
Be6 9. Bf3 Be7 10. Qd2 Bc4 11. Nd5 Nd7 12. Nxe7 Kxe7 13. O-O-O Qc7 14. Kb1 Rhd8
15. Be2 Bxe2 16. Qxe2 f6 17. Rd2 Na5 18. Nxa5 Qxa5 19. Rhd1 Qc7 20. Qg4 Kf8 21.
Rxd6 Rac8 22. R1d2 Nb8 23. Bc5 Qxc5 24. Rxd8+ Rxd8 25. Rxd8+ Ke7 26. Rxb8 1-0

[Event "12. Open de la Constitución"]
[Site "S. Sebastian de los Reyes ESP"]
[Date "2010.12.03"]
[Round "4.16"]
[White "Cavalle Pulla, Daniel"]
[Black "Alfaya Marcelo, Roberto"]
[Result "1-0"]
[WhiteElo "1897"]
[BlackElo "1608"]
[PlyCount "103"]
[EventDate "2010.11.30"]
[EventType "swiss"]
[EventRounds "9"]
[EventCountry "ESP"]
[Source "lmi"]
[SourceDate "2010.11.30"]

1. e4 c5 2. Nf3 Nc6 3. Bb5 d6 4. O-O Bd7 5. Re1 Nf6 6. c3 e6 7. d4 cxd4 8. cxd4
Be7 9. Nc3 a6 10. Bf1 O-O 11. Bf4 Qc7 12. Rc1 Qb6 13. Qd2 Rac8 14. e5 dxe5 15.
dxe5 Ne8 16. Be3 Qd8 17. Na4 Bb4 18. Qd3 Bxe1 19. Bb6 Nc7 20. Rxe1 Nb4 21. Qd6
Bxa4 22. Qxb4 Bc6 23. Nd4 Nd5 24. Bxd8 Nxb4 25. Be7 Rfd8 26. Bxd8 Rxd8 27. Nxc6
Nxc6 28. f4 Kf8 29. Rc1 Rd2 30. Bxa6 Nd4 31. Rc8+ Ke7 32. Rc7+ Kd8 33. Rxb7 Nf5
34. Rb3 Rd1+ 35. Kf2 Rd2+ 36. Kf1 Rd1+ 37. Ke2 Rh1 38. Rd3+ Kc7 39. h3 Rb1 40.
Rd2 Kb6 41. Bd3 Rg1 42. Kf2 Ra1 43. Bxf5 exf5 44. Rd7 Rxa2 45. Rxf7 Rxb2+ 46.
Kg3 g6 47. Rxh7 Kc5 48. Rg7 Rb6 49. Kh4 Kd5 50. Kg5 Ke4 51. Rxg6 Rxg6+ 52. Kxg6
1-0

[Event "12. Open de la Constitución"]
[Site "S. Sebastian de los Reyes ESP"]
[Date "2010.12.03"]
[Round "4.17"]
[White "Perez Cameselle, Francisco"]
[Black "Palenciano Escolar, Adrian"]
[Result "1-0"]
[WhiteElo "1882"]
[BlackElo "1568"]
[PlyCount "115"]
[EventDate "2010.11.30"]
[EventType "swiss"]
[EventRounds "9"]
[EventCountry "ESP"]
[Source "lmi"]
[SourceDate "2010.11.30"]

1. Nf3 Nf6 2. g3 d5 3. Bg2 Nc6 4. d3 e5 5. c4 d4 6. O-O Bc5 7. a3 a5 8. Nbd2
Bf5 9. Ng5 O-O 10. Nde4 Nxe4 11. Nxe4 Be7 12. e3 Re8 13. Qc2 f6 14. b3 Qd7 15.
Bb2 Rad8 16. Rad1 b6 17. Rfe1 Bf8 18. Qe2 Nb8 19. exd4 exd4 20. Qd2 Na6 21. Rb1
Kh8 22. Bc1 Bxe4 23. Rxe4 Nc5 24. Rxe8 Rxe8 25. b4 Na4 26. Bb2 axb4 27. axb4
Qd6 28. Ba1 Rb8 29. Qc2 Qd7 30. Rb3 b5 31. c5 c6 32. Rb1 Re8 33. Qd2 Qe6 34.
Bxd4 Rd8 35. Be3 Rc8 36. Re1 Qb3 37. Rc1 Be7 38. h4 f5 39. Bh3 Rf8 40. Bg2 Rc8
41. h5 Bf6 42. d4 Nb2 43. Rb1 Nc4 44. Rxb3 Nxd2 45. Bxd2 Bxd4 46. Bc3 Bxc3 47.
Rxc3 Kg8 48. Rd3 Kf7 49. Rd6 Ra8 50. Bxc6 Ra1+ 51. Kg2 Rb1 52. Rd4 Kf6 53. Bxb5
Ke5 54. Rf4 g5 55. Rxf5+ Kxf5 56. Bd3+ Kg4 57. Bxb1 Kxh5 58. c6 1-0

[Event "12. Open de la Constitución"]
[Site "S. Sebastian de los Reyes ESP"]
[Date "2010.12.03"]
[Round "4.22"]
[White "Rodenas Riesco, Alfonso"]
[Black "Salgado Duarte, Pablo"]
[Result "0-1"]
[WhiteElo "1605"]
[BlackElo "1544"]
[PlyCount "164"]
[EventDate "2010.11.30"]
[EventType "swiss"]
[EventRounds "9"]
[EventCountry "ESP"]
[Source "lmi"]
[SourceDate "2010.11.30"]

1. d4 Nf6 2. c4 e6 3. Nf3 c5 4. e3 cxd4 5. Nxd4 Nc6 6. a3 Nxd4 7. exd4 Be7 8.
Bd3 b6 9. O-O Bb7 10. Qe2 d5 11. cxd5 Qxd5 12. f3 Qxd4+ 13. Be3 Qd6 14. Rd1 Nd5
15. Bf2 Qc7 16. Nd2 Nf4 17. Bb5+ Bc6 18. Qe4 Nd5 19. Rac1 Bc5 20. Bxc6+ Qxc6
21. b4 Bxf2+ 22. Kxf2 Qb5 23. Nc4 O-O 24. Qe5 Qa4 25. Ra1 Rac8 26. Nd6 Rc2+ 27.
Kg1 Qb3 28. Re1 Nc3 29. Kh1 Qb2 30. Nc4 Qb3 31. Ne3 Rb2 32. Rac1 Nd5 33. Nc4
Rc2 34. Nd6 Rxc1 35. Rxc1 Qxa3 36. Qe1 Qxb4 37. Qxb4 Nxb4 38. h3 g6 39. Nc8 a5
40. Nxb6 Rd8 41. Ra1 Nc6 42. Rc1 Nd4 43. Rc5 Nb3 44. Rb5 Rd3 45. Na4 Rd4 46.
Nb2 Rb4 47. Rxb4 axb4 48. Nd3 f5 49. Nxb4 Kf7 50. Nd3 Nd4 51. Ne5+ Ke7 52. Kg1
Kf6 53. Nd3 e5 54. Kf2 Ne6 55. Nb4 Nc5 56. Nd5+ Ke6 57. Nc3 Nd3+ 58. Ke3 Nf4
59. Kf2 g5 60. Kg3 h5 61. Kf2 Kd6 62. Kg3 Nd3 63. h4 f4+ 64. Kh3 Nf2+ 65. Kh2
gxh4 66. Kg1 Nd3 67. Ne4+ Kd5 68. Kh2 Ne1 69. Nf6+ Kd4 70. Kg1 h3 71. gxh3
Nxf3+ 72. Kf2 Ng5 73. Nxh5 Nxh3+ 74. Kf3 e4+ 75. Kg4 e3 76. Kf3 Kd3 77. Kg2 e2
78. Kh2 e1=Q 79. Nxf4+ Kd2 80. Ng2 Qe6 81. Kh1 Qh6 82. Kh2 Nf4+ 0-1

[Event "12. Open de la Constitución"]
[Site "S. Sebastian de los Reyes ESP"]
[Date "2010.12.03"]
[Round "4.24"]
[White "Martinez Miura, Enrique"]
[Black "Ojosnegros Martin, Angel"]
[Result "1/2-1/2"]
[WhiteElo "1733"]
[BlackElo "1376"]
[PlyCount "58"]
[EventDate "2010.11.30"]
[EventType "swiss"]
[EventRounds "9"]
[EventCountry "ESP"]
[Source "lmi"]
[SourceDate "2010.11.30"]

1. e4 e6 2. d4 d5 3. Nc3 dxe4 4. Nxe4 Be7 5. Nf3 Nc6 6. Bd3 h6 7. O-O Nf6 8.
Nxf6+ Bxf6 9. Be3 Bd7 10. a3 Ne7 11. Re1 O-O 12. Ne5 Nf5 13. Qf3 Bxe5 14. dxe5
Bc6 15. Qe2 Qd5 16. f3 Qxe5 17. Bxf5 Qxf5 18. Bf2 Bb5 19. c4 Bc6 20. Bg3 Rac8
21. Rad1 Ba4 22. Rd3 Qc5+ 23. Kh1 Qxc4 24. Qe3 Qa6 25. Rc1 Qb6 26. Qd2 c5 27.
Rd6 Rc6 28. Rd7 Rcc8 29. Rd6 Rc6 1/2-1/2

[Event "12. Open de la Constitución"]
[Site "S. Sebastian de los Reyes ESP"]
[Date "2010.12.03"]
[Round "4.30"]
[White "Muñoz Blazquez, Jose"]
[Black "Perez Perez, Elena"]
[Result "0-1"]
[WhiteElo "1449"]
[BlackElo "1602"]
[PlyCount "102"]
[EventDate "2010.11.30"]
[EventType "swiss"]
[EventRounds "9"]
[EventCountry "ESP"]
[Source "lmi"]
[SourceDate "2010.11.30"]

1. d4 d5 2. Nf3 Nf6 3. c4 dxc4 4. Nc3 Bf5 5. e3 e6 6. Bxc4 c5 7. d5 exd5 8.
Nxd5 Nxd5 9. Bxd5 Qb6 10. O-O Be7 11. e4 Be6 12. Qa4+ Nd7 13. Qc4 Bxd5 14. exd5
a6 15. Re1 Rd8 16. b3 Nf6 17. Bg5 Nxd5 18. Rad1 Nf6 19. Rxd8+ Kxd8 20. Qxf7 Qc7
21. Qe6 Qd6 22. Qe2 Kc8 23. Rd1 Qc7 24. g3 Bd8 25. Kg2 Qc6 26. Kg1 Re8 27. Qd3
h6 28. Bf4 g5 29. Qf5+ Nd7 30. Be3 Rf8 31. Qxd7+ Qxd7 32. Rxd7 Kxd7 33. Ne5+
Kd6 34. Nd3 b6 35. Kg2 Bf6 36. h3 Bd4 37. Bd2 Kd5 38. f3 Re8 39. Kf1 a5 40. a4
c4 41. bxc4+ Kxc4 42. Nc1 Bc3 43. Bxc3 Kxc3 44. Ne2+ Kb3 45. Nd4+ Kxa4 46. Nf5
Re6 47. Kf2 Kb4 48. Ne3 a4 49. f4 gxf4 50. gxf4 Rxe3 51. Kxe3 a3 0-1